书目信息 |
| 题名: |
中国历史大事编年
|
|
| 作者: | 朱学西 , 张习孔 , 张绍勋 编著 | |
| 分册: | 第1卷 远古——东汉 | |
| 出版信息: | 北京 北京出版社 1987 |
|
| 页数: | 723页 | |
| 开本: | 20cm | |
| 丛书名: | ||
| 单 册: | ||
| 中图分类: | K208 | |
| 科图分类: | ||
| 主题词: | 历史年表-中国--高等教育--教学参考资料 | |
| 电子资源: | ||
| ISBN: | 7-200-00048-5 | |
| 000 | 00891nam0 2200277 45 | |
| 001 | 0187008390 | |
| 005 | 20051026105636.62 | |
| 010 | @a7-200-00048-5@dCNY4.05 | |
| 100 | @a19900830d1987 em y0chiy0121 ea | |
| 101 | 0 | @achi |
| 102 | @aCN@b110000 | |
| 105 | @ak z 000yy | |
| 200 | 10 | @a中国历史大事编年@Azhong guo li shi da shi bian nian@h第1卷@i远古——东汉@f朱学西等编著 |
| 210 | @a北京@c北京出版社@d1987 | |
| 215 | @a723页@c表@d20cm | |
| 300 | @a高等学校文科教学参考书 | |
| 517 | 1 | @a远古——东汉@Ayuan gu——dong han |
| 606 | @a历史年表-中国@x高等教育@x教学参考资料 | |
| 607 | @a中国@x历史年表@x高等教育@x教学参考资料 | |
| 690 | @aK208@v3 | |
| 701 | 0 | @a朱学西@Azhu xue xi@4编著 |
| 701 | 0 | @a张习孔@Azhang xi kong@4编著 |
| 701 | 0 | @a张绍勋@Azhang shao xun@4编著 |
| 801 | 2 | @aCN@bNLC@c20051026 |
| 801 | 0 | @aCN@b深圳图书馆@c20040505 |
| 905 | @f2@b206482-483@dK208@e12:1 | |
| 中国历史大事编年.第1卷.远古——东汉/朱学西等编著.-北京:北京出版社,1987 |
| 723页:表;20cm |
| 高等学校文科教学参考书 |
| ISBN 7-200-00048-5:CNY4.05 |
| ● |
| 相关链接 |
|
|
|
|
正题名:中国历史大事编年
索取号:K208/12:1
 
预约/预借
| 序号 | 登录号 | 条形码 | 馆藏地/架位号 | 状态 | 备注 |
| 1 | 0206482 | 001278094 | 密集书库/ [索取号:K208/12:1] | 在馆 | |
| 2 | 0206483 | 001278101 | 密集书库/ [索取号:K208/12:1] | 在馆 | |
| 3 | 0206484 | 001277941 | 密集书库/ [索取号:K208/12:1] | 在馆 |